Score 0/26 Timer 08:00
0 Plays Today
Movie Missing word % Correct
Gone in _____ SecondsSixty
95.5%
The _____ Chainsaw MassacreTexas
95.2%
The _____ SenseSixth
93.8%
The Hitchhiker's Guide to the ______Galaxy
93.4%
___, Lies and VideotapeSex
93.1%
_-___ Origins: WolverineX-Men
89.9%
Same Time, ____ YearNext
89.2%
_______ CandlesSixteen
88.9%
Pineapple _______Express
88.4%
E.T. the _____-___________Extra-Terrestrial
87.7%
____ DriverTaxi
86.8%
The ______ ReloadedMatrix
82.1%
The League of ____________ GentlemenExtraordinary
81.8%
Movie Missing word % Correct
Great ___________Expectations
77.7%
Frost/_____Nixon
75.5%
Hot Shots! Part ____Deux
72.1%
The ________ of Emily RoseExorcism
59.5%
├ćon ____Flux
55.7%
Once Upon a Time in ______Mexico
49.3%
Walk Hard: The Dewey ___ StoryCox
48.2%
The Hudsucker _____Proxy
47.8%
The Flight of the _______Phoenix
43.8%
Last ____ to BrooklynExit
41.3%
_________ DecisionExecutive
40%
The Bachelor and the Bobby-_____Soxer
36.8%
___ 1138THX
20.7%

Today's Daily Dose

Remove Ads.
Support Sporcle.
Get the best of Sporcle when you Go Orange. This ad-free experience offers more features, more stats, and more fun while also helping to support Sporcle. Thank you for becoming a member.

You're not logged in!

Compare scores with friends on all Sporcle quizzes.
OR
Log In

Show Comments

Extras

Top Quizzes Today


Score Distribution

Your Account Isn't Verified!

In order to create a playlist on Sporcle, you need to verify the email address you used during registration. Go to your Sporcle Settings to finish the process.

Report this User

Report this user for behavior that violates our Community Guidelines.

Details: